000 00813nam a22002417a 4500
003 PE SENCICO BE
005 20251020182625.0
008 230125b |||||||| |||| 00| 0 eng d
020 _a978-84-291-2303-6
040 _aPE SENCICO BE
_cPE SENCICO BE
041 _aspa
082 _a711.4
_bR21
100 1 _9520
_aRasmussen, Steen Eiler
_eautor
245 1 _aCiudades y edificios :
_bdescritos con dibujos y palabras /
_cSteen Eiler Rasmussen
260 _aBarcelona:
_bReverté,
_c2014
300 _a[7], 271 p. :
_bil., diagrs. ;
_c24 cm.
440 1 _9521
_aDocumentos de composición arquitectónica
_n3
650 1 4 _9522
_aCiudades
_xHistoria
650 2 4 _976
_aHistoria urbana
650 2 4 _949
_aArquitectura
_xHistoria
910 _bhfp
_chfp
942 _2ddc
_cLIB
_h711.4
_iR21
999 _c3794
_d3794